000
00226 a2200085 4500
020
_a
9780367312923
100
_a
Stephen Verderber and Ben J. Refuerzo
245
_a
Innovations in Hospice Architecture
260
_b
Routledge
_c
2019
999
_c
13413
_d
13413